[Event "Voronezh School Rating"]
[Site "Voronezh"]
[Date "2014.11.30"]
[Round "9.4"]
[White "Kozlov, Sergej A"]
[Black "Rodionov, Roman"]
[Result "1-0"]
[WhiteElo "2048"]
[BlackElo "1987"]
[PlyCount "63"]
[EventDate "2014.11.21"]
[EventType "tourn"]
[EventRounds "9"]
[EventCountry "RUS"]
[SourceTitle "EXT 2018"]
[Source "ChessBase"]
[SourceDate "2017.10.13"]
[SourceVersion "1"]
[SourceVersionDate "2017.10.13"]
[SourceQuality "1"]

1. d4 d5 2. c4 c6 3. Nc3 dxc4 4. a4 e6 5. Nf3 c5 6. e3 Nc6 7. dxc5 Qxd1+ 8. Kxd1 Nf6 9. Nb5 Ne4 10. Ke1 Kd8 11. Bxc4 a6 12. Nbd4 Na5 13. Bd3 Nxc5 14. Bc2 Nd7 15. Bd2 Nc4 16. Bc3 Ncb6 17. Bb3 Ke8 18. Ke2 Nc5 19. Bc2 Bd7 20. Ba5 Nc4 21. Bc3 Nb6 22. b3 Nd5 23. Bd2 Bd6 24. b4 Nxa4 25. Bxa4 Bxa4 26. Rxa4 Rc8 27. b5 Ke7 28. bxa6 bxa6 29. Rxa6 g6 30. Ng5 Rhd8 31. Nc6+ Rxc6 32. Rxc6 1-0

[Event "Voronezh School Rating"]
[Site "Voronezh"]
[Date "2014.11.26"]
[Round "5.2"]
[White "Chernov, Vladimir S"]
[Black "Rodionov, Roman"]
[Result "0-1"]
[WhiteElo "1904"]
[BlackElo "1987"]
[PlyCount "126"]
[EventDate "2014.11.21"]
[EventType "tourn"]
[EventRounds "9"]
[EventCountry "RUS"]
[SourceTitle "EXT 2018"]
[Source "ChessBase"]
[SourceDate "2017.10.13"]
[SourceVersion "1"]
[SourceVersionDate "2017.10.13"]
[SourceQuality "1"]

1. d4 d5 2. Nf3 Nf6 3. c4 c6 4. cxd5 cxd5 5. Nc3 Nc6 6. Bf4 a6 7. e3 Bg4 8. h3 Bxf3 9. Qxf3 e6 10. Bd3 Bd6 11. Bg5 Be7 12. 0-0 h6 13. Bh4 Rc8 14. Rac1 0-0 15. a3 Na5 16. Qd1 b5 17. Bb1 Nd7 18. Qd3 g6 19. Bxe7 Qxe7 20. Ne2 Nc4 21. b4 Ndb6 22. Nf4 Rfe8 23. Rc2 Na4 24. Rfc1 Ncb2 25. Qb3 Rxc2 26. Qxc2 Nc4 27. Nxg6 fxg6 28. Qxg6+ Kf8 29. Qxh6+ Qg7 30. Qf4+ Qf7 31. Qh6+ Qg7 32. Qf4+ Kg8 33. g4 Rf8 34. Qg3 Nab6 35. Bd3 Qe7 36. g5 Nc8 37. h4 N8d6 38. h5 Nf5 39. Bxf5 Rxf5 40. f4 Nxa3 41. Rc5 Nc4 42. g6 Nd6 43. h6 Ne4 44. Rc8+ Rf8 45. Rxf8+ Qxf8 46. Qh3 Qf6 47. h7+ Kh8 48. Qg4 Nd6 49. Kf2 Nf5 50. Ke2 Ne7 51. g7+ Kxh7 52. g8Q+ Nxg8 53. Qh5+ Kg7 54. Qe8 Nh6 55. Qc6 Qf5 56. Qb7+ Kg6 57. Qxa6 Qc2+ 58. Ke1 Kf5 59. Qb7 Kg4 60. Qxb5 Nf5 61. Qe2+ Qxe2+ 62. Kxe2 Nd6 63. Kf2 Kf5 0-1

[Event "Voronezh op-B 18th"]
[Site "Voronezh"]
[Date "2014.06.20"]
[Round "9"]
[White "Rodionov, Roman"]
[Black "Fadin, Evgeny"]
[Result "0-1"]
[WhiteElo "1954"]
[BlackElo "2113"]
[PlyCount "74"]
[EventDate "2014.06.12"]
[EventType "swiss"]
[EventRounds "9"]
[EventCountry "RUS"]
[SourceTitle "EXT 2015"]
[Source "ChessBase"]
[SourceDate "2014.11.20"]
[SourceVersion "1"]
[SourceVersionDate "2014.11.20"]
[SourceQuality "1"]

1. e4 c5 2. Nf3 Nc6 3. Bb5 Nf6 4. d3 e6 5. Bxc6 dxc6 6. Nbd2 Be7 7. 0-0 0-0 8. Re1 Qc7 9. Nb3 e5 10. Be3 b6 11. a4 a5 12. Nbd2 Rd8 13. Qe2 Ba6 14. Ng5 h6 15. Nh3 Bc8 16. Qf3 Bg4 17. Qg3 Qd7 18. Nc4 Bxh3 19. Nxe5 Qe6 20. gxh3 Nh5 21. Qg4 Qxe5 22. f4 Nxf4 23. Bxf4 Qxb2 24. Bxh6 Rd6 25. Kh1 Rxh6 26. Qe2 Qd4 27. Qg4 Rd8 28. Rf1 c4 29. dxc4 Qxc4 30. Rg1 g6 31. Qf3 Rh4 32. Rae1 Rd4 33. Rg4 Rxg4 34. hxg4 Qxc2 35. Rf1 Qc4 36. Re1 Bh4 37. Rf1 Rxe4 0-1

[Event "Voronezh Rating op 03-B"]
[Site "Voronezh"]
[Date "2014.03.22"]
[Round "2"]
[White "Malin, Alexey"]
[Black "Rodionov, Roman"]
[Result "1-0"]
[WhiteElo "1836"]
[BlackElo "1924"]
[PlyCount "62"]
[EventDate "2014.03.20"]
[EventType "swiss"]
[EventRounds "9"]
[EventCountry "RUS"]
[SourceTitle "EXT 2015"]
[Source "ChessBase"]
[SourceDate "2014.11.20"]
[SourceVersion "1"]
[SourceVersionDate "2014.11.20"]
[SourceQuality "1"]

1. e4 c6 2. d4 d5 3. f3 dxe4 4. fxe4 e5 5. Nf3 Bg4 6. Bc4 Nf6 7. Bxf7+ Kxf7 8. Nxe5+ Ke8 9. Nxg4 Nxg4 10. Qxg4 Qxd4 11. Bg5 Be7 12. Bxe7 Kxe7 13. Qh4+ Kd7 14. Nc3 Qe3+ 15. Ne2 Na6 16. Rd1+ Kc7 17. Rd3 Qc5 18. Qf4+ Kc8 19. Qg4+ Kb8 20. Qg3+ Nc7 21. Qxg7 Re8 22. Qc3 Qg5 23. 0-0 Nb5 24. Qd2 Qc5+ 25. Kh1 a6 26. a4 Nc7 27. b4 Qe5 28. Ng3 a5 29. bxa5 Rxa5 30. Rb3 Rxa4 31. Nf5 Nb5 1-0

[Event "Voronezh-ch"]
[Site "Voronezh"]
[Date "2013.10.19"]
[Round "2"]
[White "Golovchanov, Artiom"]
[Black "Rodionov, Roman"]
[Result "0-1"]
[WhiteElo "2090"]
[BlackElo "1849"]
[PlyCount "70"]
[EventDate "2013.10.18"]
[EventType "swiss"]
[EventRounds "9"]
[EventCountry "RUS"]
[SourceTitle "EXT 2014"]
[Source "ChessBase"]
[SourceDate "2013.11.20"]
[SourceVersion "1"]
[SourceVersionDate "2013.11.20"]
[SourceQuality "1"]

1. e4 d6 2. d4 Nf6 3. Nc3 e5 4. Nge2 Be7 5. g3 c6 6. Bg2 b5 7. a3 0-0 8. 0-0 a5 9. h3 Bb7 10. Qe1 exd4 11. Nxd4 b4 12. axb4 axb4 13. Rxa8 Bxa8 14. Nd1 c5 15. Nf5 Re8 16. f3 Bf8 17. g4 d5 18. e5 d4 19. Qg3 Nd5 20. Nf2 Nc6 21. f4 g6 22. Nh4 Ne3 23. Bxe3 dxe3 24. Ne4 Nd4 25. Re1 Be7 26. g5 Nxc2 27. Nf6+ Bxf6 28. gxf6 Nxe1 29. Qxe1 Bxg2 30. Nxg2 Qd2 31. Qh4 Qf2+ 32. Qxf2 exf2+ 33. Kxf2 Rd8 34. Ke3 c4 35. Ne1 c3 0-1

[Event "Voronezh Rating op 10"]
[Site "Voronezh"]
[Date "2013.10.05"]
[Round "4"]
[White "Rodionov, Roman"]
[Black "Kozlov, Sergej A"]
[Result "1-0"]
[WhiteElo "1849"]
[BlackElo "1897"]
[PlyCount "85"]
[EventDate "2013.10.02"]
[EventType "swiss"]
[EventRounds "7"]
[EventCountry "RUS"]
[SourceTitle "EXT 2015"]
[Source "ChessBase"]
[SourceDate "2014.11.20"]
[SourceVersion "1"]
[SourceVersionDate "2014.11.20"]
[SourceQuality "1"]

1. e4 e6 2. d4 d5 3. Nc3 dxe4 4. Nxe4 Nd7 5. Nf3 Ngf6 6. Bg5 Be7 7. Nxf6+ Bxf6 8. Bxf6 Nxf6 9. Bd3 0-0 10. 0-0 b6 11. c3 Bb7 12. Ne5 Qd5 13. f3 c5 14. Bc4 Qd6 15. Re1 cxd4 16. Qd2 b5 17. Bxb5 Qc5 18. c4 Ne4 19. Rxe4 Bxe4 20. Nd7 Qd6 21. fxe4 Rfd8 22. e5 Qc7 23. Qxd4 Rab8 24. Rd1 Qa5 25. b3 Qxa2 26. Ba4 Qc2 27. h3 h6 28. c5 Rb4 29. Qd6 Rc8 30. c6 Rf4 31. Qd2 Qe4 32. Re1 Qd4+ 33. Qxd4 Rxd4 34. Kh2 Rc7 35. Rc1 Rd5 36. Rc4 a5 37. Rc5 Rxc5 38. Nxc5 Ra7 39. Nb7 Ra8 40. Nxa5 Rxa5 41. b4 Rxa4 42. c7 Rxb4 43. c8Q+ 1-0

[Event "Zagorovsky Memorial op"]
[Site "Voronezh"]
[Date "2013.07.04"]
[Round "9"]
[White "Polyansky, Viktor"]
[Black "Rodionov, Roman"]
[Result "0-1"]
[WhiteElo "1983"]
[BlackElo "1778"]
[PlyCount "112"]
[EventDate "2013.06.25"]
[EventType "swiss"]
[EventRounds "9"]
[EventCountry "RUS"]
[SourceTitle "EXT 2014"]
[Source "ChessBase"]
[SourceDate "2013.11.20"]
[SourceVersion "1"]
[SourceVersionDate "2013.11.20"]
[SourceQuality "1"]

1. c4 c6 2. g3 d5 3. Bg2 Nf6 4. Nf3 dxc4 5. Qc2 b5 6. a4 Bb7 7. 0-0 e6 8. Ne5 Nd5 9. d4 cxd3 10. Qxd3 Bd6 11. Nf3 Nd7 12. Nc3 a6 13. e4 Nc5 14. Qe2 Nxc3 15. bxc3 Nxa4 16. c4 Qc7 17. e5 Be7 18. Ba3 Bxa3 19. Rxa3 Rd8 20. Qe3 0-0 21. c5 Nb2 22. Qe4 Nc4 23. Ng5 g6 24. Qh4 h5 25. f4 Qe7 26. Ra2 Ne3 27. Ne4 Qxh4 28. gxh4 Nxf1 29. Bxf1 Ra8 30. Nd6 Bc8 31. Bg2 Bd7 32. Ne4 Kg7 33. Nf6 Rfd8 34. Be4 a5 35. Nxd7 Rxd7 36. Bxc6 Rd1+ 37. Kf2 Rc8 38. Bf3 Rc1 39. c6 a4 40. Ke2 Rc4 41. Ke3 Rc3+ 42. Ke2 Rb3 43. Be4 Rh3 44. Kf2 Rxh2+ 45. Bg2 Rxh4 46. Ke3 Rg4 47. Be4 Rg3+ 48. Kd4 Rb3 49. Kc5 a3 50. Kb6 Rb4 51. Bd3 Rb3 52. Be4 b4 53. c7 Rc3 54. Bc6 b3 55. Rxa3 b2 56. Rxc3 b1Q+ 0-1

[Event "Zagorovsky Memorial op"]
[Site "Voronezh"]
[Date "2013.07.02"]
[Round "7"]
[White "Sokolovsky, Victor"]
[Black "Rodionov, Roman"]
[Result "1/2-1/2"]
[WhiteElo "2018"]
[BlackElo "1778"]
[PlyCount "125"]
[EventDate "2013.06.25"]
[EventType "swiss"]
[EventRounds "9"]
[EventCountry "RUS"]
[SourceTitle "EXT 2014"]
[Source "ChessBase"]
[SourceDate "2013.11.20"]
[SourceVersion "1"]
[SourceVersionDate "2013.11.20"]
[SourceQuality "1"]

1. e4 e5 2. Nf3 Nc6 3. Bb5 a6 4. Ba4 d6 5. Bxc6+ bxc6 6. d4 exd4 7. Qxd4 Bb7 8. Nc3 Nf6 9. Bg5 Be7 10. 0-0-0 0-0 11. e5 Nd5 12. h4 h6 13. Bd2 c5 14. Qd3 Nb4 15. Qf5 d5 16. Ng5 g6 17. Qh3 d4 18. Nce4 d3 19. Bxb4 cxb4 20. Rxd3 Qc8 21. Rd7 Qe8 22. Rxc7 Rc8 23. Rxc8 Qxc8 24. e6 f6 25. Qd3 fxg5 26. Nd6 Qxe6 27. Nxb7 Rxf2 28. Nd8 Qf6 29. Qc4+ Kh7 30. Ne6 gxh4 31. Qe4 Qf5 32. Qc6 Bg5+ 33. Nxg5+ Qxg5+ 34. Kb1 Qf5 35. Qb7+ Qf7 36. Qxa6 Rxg2 37. a3 Qc7 38. Qd3 bxa3 39. Rxh4 Rxc2 40. bxa3 Rc3 41. Qd2 g5 42. Rd4 Qb6+ 43. Rb4 Qg6+ 44. Kb2 Rc7 45. Qe2 Rg7 46. a4 g4 47. a5 g3 48. Rb6 Qf5 49. Qd2 Qf2 50. Qxf2 gxf2 51. Rf6 Rg2 52. Kb3 Kg7 53. Rf3 h5 54. a6 Rg6 55. a7 Ra6 56. Rxf2 Rxa7 57. Kc3 Rd7 58. Rd2 Re7 59. Kd3 Kg6 60. Re2 Rd7+ 61. Ke3 Kg5 62. Kf3 Rd1 63. Kg2 1/2-1/2

[Event "Zagorovsky Memorial op"]
[Site "Voronezh"]
[Date "2013.06.26"]
[Round "2"]
[White "Rodionov, Roman"]
[Black "Lazarev, Alexander"]
[Result "1-0"]
[WhiteElo "1778"]
[BlackElo "1925"]
[PlyCount "69"]
[EventDate "2013.06.25"]
[EventType "swiss"]
[EventRounds "9"]
[EventCountry "RUS"]
[SourceTitle "EXT 2014"]
[Source "ChessBase"]
[SourceDate "2013.11.20"]
[SourceVersion "1"]
[SourceVersionDate "2013.11.20"]
[SourceQuality "1"]

1. e4 c5 2. Nf3 d6 3. Bb5+ Nc6 4. c3 Nf6 5. e5 dxe5 6. Nxe5 Qd5 7. Nf3 c4 8. Na3 Qe4+ 9. Qe2 Qg4 10. g3 Bd7 11. Nxc4 0-0-0 12. Bxc6 Bxc6 13. Nce5 Qe6 14. d4 Be8 15. 0-0 Nd7 16. Ng5 Qf6 17. Qc4+ Kb8 18. Nexf7 Nb6 19. Qb3 Rd5 20. Nxh8 Rxg5 21. Bxg5 Qxg5 22. Nf7 Qh5 23. Ne5 Nd7 24. Qe6 Kc7 25. Rfe1 Nf6 26. c4 g5 27. c5 Nd7 28. Nxd7 Bxd7 29. Qe5+ Kc8 30. d5 Qg6 31. Rac1 Bg7 32. Qxe7 Bxb2 33. c6 bxc6 34. dxc6 Bh3 35. Qb7+ 1-0

[Event "Voronezh-ch"]
[Site "Voronezh"]
[Date "2013.03.15"]
[Round "4"]
[White "Rodionov, Roman"]
[Black "Kornev, Sergey"]
[Result "1-0"]
[WhiteElo "1790"]
[BlackElo "1652"]
[PlyCount "81"]
[EventDate "2013.03.12"]
[EventType "swiss"]
[EventRounds "7"]
[EventCountry "RUS"]
[SourceTitle "CBM 153 Extra"]
[Source "ChessBase"]
[SourceDate "2013.04.22"]
[SourceVersion "1"]
[SourceVersionDate "2013.04.22"]
[SourceQuality "1"]

1. e4 e5 2. Nf3 Nc6 3. Nc3 Nf6 4. d4 exd4 5. Nxd4 Nxd4 6. Qxd4 d6 7. Bg5 Be7 8. 0-0-0 0-0 9. f4 h6 10. Bh4 c5 11. Qd2 Bg4 12. Re1 Qa5 13. e5 Ne4 14. Nxe4 Qxd2+ 15. Kxd2 Bxh4 16. g3 Bd8 17. Nxd6 Ba5+ 18. c3 Rad8 19. Kc1 Bf3 20. Rg1 a6 21. Bc4 b5 22. Bb3 Bb6 23. c4 f6 24. cxb5+ c4 25. Bxc4+ Kh8 26. bxa6 Bxg1 27. Rxg1 fxe5 28. fxe5 Ra8 29. Re1 Ra7 30. e6 Re7 31. Bd3 Kg8 32. Nf5 Rc7+ 33. Kb1 Bg4 34. e7 Re8 35. b3 Bxf5 36. Bxf5 Kf7 37. Be6+ Kxe7 38. Bd5+ Kf8 39. Rxe8+ Kxe8 40. Bb7 Kd7 41. a7 1-0

[Event "Voronezh-ch"]
[Site "Voronezh"]
[Date "2013.03.14"]
[Round "3"]
[White "Lazarev, Alexander"]
[Black "Rodionov, Roman"]
[Result "1-0"]
[WhiteElo "1950"]
[BlackElo "1790"]
[PlyCount "79"]
[EventDate "2013.03.12"]
[EventType "swiss"]
[EventRounds "7"]
[EventCountry "RUS"]
[SourceTitle "CBM 153 Extra"]
[Source "ChessBase"]
[SourceDate "2013.04.22"]
[SourceVersion "1"]
[SourceVersionDate "2013.04.22"]
[SourceQuality "1"]

1. e4 e5 2. Nf3 Nc6 3. Bc4 Nf6 4. Ng5 d5 5. exd5 Na5 6. Bb5+ c6 7. dxc6 bxc6 8. Be2 h6 9. Nf3 e4 10. Ne5 Bd6 11. d4 exd3 12. Nxd3 Qc7 13. h3 0-0 14. 0-0 c5 15. c4 Nxc4 16. Qc2 Ne5 17. Nxe5 Bxe5 18. Bf3 Rb8 19. Nc3 Rb4 20. Ne4 Nxe4 21. Bxe4 f5 22. Bd5+ Kh8 23. f4 Bxf4 24. Bxf4 Rxf4 25. Rxf4 Qxf4 26. Qxc5 Rd8 27. Bf3 Qd4+ 28. Qxd4 Rxd4 29. Rd1 Rxd1+ 30. Bxd1 Kg8 31. Kf2 Kf7 32. Ke3 Ke6 33. Kd4 Kf6 34. b4 f4 35. Bf3 g5 36. a4 Bd7 37. b5 Be6 38. a5 Bd7 39. b6 axb6 40. a6 1-0